| 000 | 00505 a2200169 4500 | ||
|---|---|---|---|
| 005 | 20250620162858.0 | ||
| 020 | _a0-07-0005367-7 | ||
| 082 | _aLM 620.103 BEE | ||
| 100 | _aBEER, F. P. | ||
| 245 | _aVector Mechanics for Engineers: Statistics | ||
| 250 | _a6th Ed. | ||
| 260 |
_aBoston, _bMcGraw Hill, _c1996. |
||
| 300 |
_axviii, 599p.: ill.; picture, table. _bIndex. _c26cm. |
||
| 700 | _aJOHNSTON, E. R. | ||
| 856 |
_yAccess Book Online _fVictor Mechanics for Engineers _dwww.mhhe.com |
||
| 942 |
_2ddc _cBKS |
||
| 999 |
_c2005 _d2005 |
||